000 00659nam a2200193 a 4500
008 120416s2003 ||||||||||||||||| || u
020 _a1589480228
050 _aG 70.3 Mal
100 _aVoigt, Christine L
245 1 0 _aMapping our World
260 _aRedlands, Calif.:
_bESRI Press
_c2003
300 _axxiii, 535p. : ill.
350 _a0.00
650 _aGEOGRAPHIC INFORMATION SYSTEMS--STUDY AND TEACHING
650 _aGEOGRAPHY
650 _aARCGIS
700 _aMalone, Lyn
995 _D0.00
_FCBU-MAIN LIBRARY (Kitwe)
_H1
_I79.95
_M1
_UAVAILABLE
_WDec 20, 2006
_ZMain Library Open Access Collection
999 _c50331
_d50331